<?xml version="1.0" encoding="UTF-8"?><?xml-stylesheet type="text/xsl" href="static/style.xsl"?><OAI-PMH xmlns="http://www.openarchives.org/OAI/2.0/" xmlns:xsi="http://www.w3.org/2001/XMLSchema-instance" xsi:schemaLocation="http://www.openarchives.org/OAI/2.0/ http://www.openarchives.org/OAI/2.0/OAI-PMH.xsd"><responseDate>2026-04-27T08:19:07Z</responseDate><request verb="GetRecord" identifier="oai:uvadoc.uva.es:10324/45247" metadataPrefix="marc">https://uvadoc.uva.es/oai/request</request><GetRecord><record><header><identifier>oai:uvadoc.uva.es:10324/45247</identifier><datestamp>2026-03-20T07:40:40Z</datestamp><setSpec>com_10324_1180</setSpec><setSpec>com_10324_931</setSpec><setSpec>com_10324_894</setSpec><setSpec>col_10324_1375</setSpec></header><metadata><record xmlns="http://www.loc.gov/MARC21/slim" xmlns:doc="http://www.lyncode.com/xoai" xmlns:xsi="http://www.w3.org/2001/XMLSchema-instance" xmlns:dcterms="http://purl.org/dc/terms/" xsi:schemaLocation="http://www.loc.gov/MARC21/slim http://www.loc.gov/standards/marcxml/schema/MARC21slim.xsd">
<leader>00925njm 22002777a 4500</leader>
<datafield tag="042" ind1=" " ind2=" ">
<subfield code="a">dc</subfield>
</datafield>
<datafield tag="720" ind1=" " ind2=" ">
<subfield code="a">Izquierdo Millán, Luis Rodrigo</subfield>
<subfield code="e">author</subfield>
</datafield>
<datafield tag="720" ind1=" " ind2=" ">
<subfield code="a">Izquierdo Millán, Segismundo Samuel</subfield>
<subfield code="e">author</subfield>
</datafield>
<datafield tag="720" ind1=" " ind2=" ">
<subfield code="a">Sandholm, William H.</subfield>
<subfield code="e">author</subfield>
</datafield>
<datafield tag="260" ind1=" " ind2=" ">
<subfield code="c">2018</subfield>
</datafield>
<datafield tag="520" ind1=" " ind2=" ">
<subfield code="a">EvoDyn-3s generates phase portraits of evolutionary dynamics, as well as data for the analysis of their equilibria. The considered evolutionary dynamics are ordinary differential equations based on adaptive processes taking place in a population of players who are randomly and repeatedly matched in couples to play a 2-player symmetric normal-form game with three strategies. EvoDyn-3s calculates the rest points of the dynamics using exact arithmetic, and represents them. It also provides the eigenvalues of the Jacobian of the dynamics at the isolated rest points, which are useful to evaluate their local stability. The user only needs to specify the  payoff matrix of the game and choose the dynamics.</subfield>
</datafield>
<datafield tag="024" ind2=" " ind1="8">
<subfield code="a">SoftwareX, 7, pp. 226-233.</subfield>
</datafield>
<datafield tag="024" ind2=" " ind1="8">
<subfield code="a">2352-7110</subfield>
</datafield>
<datafield tag="024" ind2=" " ind1="8">
<subfield code="a">http://uvadoc.uva.es/handle/10324/45247</subfield>
</datafield>
<datafield tag="024" ind2=" " ind1="8">
<subfield code="a">10.1016/j.softx.2018.07.006</subfield>
</datafield>
<datafield tag="024" ind2=" " ind1="8">
<subfield code="a">226</subfield>
</datafield>
<datafield tag="024" ind2=" " ind1="8">
<subfield code="a">233</subfield>
</datafield>
<datafield tag="024" ind2=" " ind1="8">
<subfield code="a">SoftwareX</subfield>
</datafield>
<datafield tag="024" ind2=" " ind1="8">
<subfield code="a">7</subfield>
</datafield>
<datafield tag="245" ind1="0" ind2="0">
<subfield code="a">EvoDyn-3s: A Mathematica computable document to analyze evolutionary dynamics in 3-strategy games</subfield>
</datafield>
</record></metadata></record></GetRecord></OAI-PMH>